Statistics for Ex-Yugoslavian Airports

Click here to take the quiz!

General Stats

  • This quiz has been taken 38 times
  • The average score is 16 of 20

Answer Stats

HintAnswer% Correct
LJULjubljana
100%
ZAGZagreb
100%
BEGBelgrade
97%
DBVDubrovnik
95%
SKPSkopje
95%
PRNPristina
86%
RJKRijeka
86%
SJJSarajevo
86%
SPUSplit
86%
ZADZadar
86%
OHDOhrid
84%
OSIOsijek
84%
TGDPodgorica
81%
TZLTuzla
81%
BNXBanja Luka
78%
MBXMaribor
78%
TIVTivat
68%
ININis
65%
OMOMostar
59%
KVOKraljevo
49%

Score Distribution

Percentile by Number Answered

Percent of People with Each Score

Your Score History

You have not taken this quiz